000 01025nam a22001937a 4500
999 _c61108
_d61108
005 20231220111029.0
008 231220s1992 ru ||||| |||| 00| 0 rus d
020 _a5520010285
041 _arus
080 _a393(479.2) H-72
100 _aНонешвили, A. И.
_920799
245 _aПогребальные обряды народов Закавказья :
_b(Кувшинные погребения VIII в. до н.э. - VIII в. н.э.) /
_c А.И. Нонешвили ; АН Грузии, Археол. комиссия Грузии, Центр археол. исследований.
264 _aТбилиси :
_bМецниереба,
_c1992.
300 _a178 с. :
_b ил. ;
_c20 см.
653 _aეთნოგრაფია
653 _aდაკრძალვის წესები ამიერკავკასიაში
710 _aАкадемия Наук Грузии.
_dАрхеологическая комиссия Грузии.
_920800
942 _2udc
_cᲬᲘᲒᲜᲘ